| 000 | 00312nam a2200109Ia 4500 | ||
|---|---|---|---|
| 008 | 230907s9999||||xx |||||||||||||| ||und|| | ||
| 082 |
_a629.80285 _bBEN |
||
| 245 | 0 | _aAutomatic control systems with MATLAB programming / | |
| 260 |
_aUniversity Science Press, _bNew Delhi : _c2015 |
||
| 300 | _a660 p. | ||
| 942 | _cBK | ||
| 999 |
_c600499 _d600499 |
||